देवयानी : (Record no. 116867)

MARC details
000 -LEADER
fixed length control field 01085nam a22002537a 4500
005 - DATE AND TIME OF LATEST TRANSACTION
control field 20170124103045.0
010 ## - LIBRARY OF CONGRESS CONTROL NUMBER
LC control number A-836355
020 ## - INTERNATIONAL STANDARD BOOK NUMBER
Terms of availability 80.00
International Standard Book Number 8185244162
035 ## - SYSTEM CONTROL NUMBER
System control number A-836355
037 ## - SOURCE OF ACQUISITION
Source of stock number/acquisition Cen Lib/Ret
040 ## - CATALOGING SOURCE
Original cataloging agency DPL
Language of cataloging HN
082 ## - DEWEY DECIMAL CLASSIFICATION NUMBER
Classification number
Item number प्रसाद
100 ## - MAIN ENTRY--PERSONAL NAME
Personal name प्रसाद, गणपत
9 (RLIN) 68724
245 ## - TITLE STATEMENT
Title देवयानी :
Statement of responsibility, etc प्रसाद गणपत
Remainder of title जीवन का एक करुण उपन्यास /
246 ## - VARYING FORM OF TITLE
Title proper/short title Devyaani : jeevan ka ek karun upanyas /
Remainder of title by Prasad Ganpat
260 ## - PUBLICATION, DISTRIBUTION, ETC. (IMPRINT)
Place of publication, distribution, etc नयी दिल्ली
Name of publisher, distributor, etc हिंदी बुक सेंटर
Date of publication, distribution, etc 1996
270 ## - ADDRESS
City नयी दिल्ली
Address 4/5-बी, आसफ अली रोड
Postal code 110002
300 ## - PHYSICAL DESCRIPTION
Extent 88पृ.
Dimensions 19सेमी (सजिल्द)
650 ## - SUBJECT ADDED ENTRY--TOPICAL TERM
Topical term or geographic name as entry element हिंदी साहित्य
9 (RLIN) 68725
650 ## - SUBJECT ADDED ENTRY--TOPICAL TERM
Topical term or geographic name as entry element हिंदी साहित्य
General subdivision उपन्यास
9 (RLIN) 42619
650 ## - SUBJECT ADDED ENTRY--TOPICAL TERM
Topical term or geographic name as entry element Hindi literature
9 (RLIN) 68726
650 ## - SUBJECT ADDED ENTRY--TOPICAL TERM
Topical term or geographic name as entry element Hindi literature
General subdivision fiction
9 (RLIN) 68727
942 ## - ADDED ENTRY ELEMENTS (KOHA)
Source of classification or shelving scheme Dewey Decimal Classification
Koha item type Hindi Books
Classification part
Call number suffix प्रसाद
Holdings
Withdrawn status Lost status Damaged status Not for loan Home library Current library Date acquired Source of acquisition Cost, normal purchase price Total Checkouts Full call number Barcode Date last seen Copy number Cost, replacement price Price effective from Koha item type
        Central Library Central Library 25/08/2015 Cen Lib/Ref 80.00   उ प्रसाद A-836355 25/08/2015 1 80.00 25/08/2015 Hindi Books

© Delhi Public Library
Hit Counter
free hit counter